[Event "VIE-ch (Women)"]
[Site "Hanoi"]
[Date "2020.10.05"]
[Round "1"]
[White "Hoang, Thi Bao Tram"]
[Black "Ngo, Thi Kim Tuyen"]
[Result "1/2-1/2"]
[WhiteElo "2288"]
[BlackElo "1885"]
[PlyCount "120"]
[EventDate "2020.10.05"]
[EventType "swiss"]
[EventRounds "9"]
[EventCountry "VIE"]
[SourceTitle "EXT 2022"]
[Source "ChessBase"]
[SourceDate "2021.10.06"]
[SourceVersion "1"]
[SourceVersionDate "2021.10.06"]
[SourceQuality "1"]

1. d4 Nf6 2. c4 e6 3. Nc3 d5 4. Bg5 Be7 5. e3 c6 6. Nf3 Nbd7 7. Qc2 0-0 8. a3 a5 9. cxd5 exd5 10. Bd3 Re8 11. 0-0 h6 12. Bf4 Nf8 13. Rab1 Nh5 14. Be5 f6 15. Bg3 Nxg3 16. hxg3 Bg4 17. Nh4 Bd6 18. Na4 Qc7 19. Rfe1 g5 20. Nf5 Bxf5 21. Bxf5 Ne6 22. g4 Kg7 23. g3 b5 24. Nc3 Qe7 25. Ne2 Rac8 26. Qd3 b4 27. axb4 Bxb4 28. Rec1 Rc7 29. Rc2 Nd8 30. Rbc1 Qf7 31. Kg2 Rh8 32. Rh1 Nb7 33. Qa6 Nd8 34. Nc1 Ra7 35. Qe2 Qb7 36. Nd3 Qb5 37. Ra1 Rc7 38. Nxb4 Qxe2 39. Rxe2 axb4 40. Rc2 Kf7 41. Ra8 Rf8 42. Rc1 Ke7 43. Ra6 Rb7 44. Bc2 Kd6 45. Ba4 Rc7 46. Rb6 Rff7 47. Rxb4 Rb7 48. Rxb7 Rxb7 49. b3 Rc7 50. Kf3 c5 51. dxc5+ Rxc5 52. Rb1 Nf7 53. b4 Rc4 54. Bd1 Ne5+ 55. Kg2 Nc6 56. b5 Rb4 57. Ra1 Rxb5 58. Bf3 Ne5 59. Ra6+ Ke7 60. Ra7+ Ke6 1/2-1/2

[Event "VIE Cup (Women)"]
[Site "Bac Giang"]
[Date "2018.06.02"]
[Round "5"]
[White "Vo, Thi Kim Phung"]
[Black "Ngo, Thi Kim Tuyen"]
[Result "0-1"]
[WhiteElo "2376"]
[BlackElo "1952"]
[PlyCount "106"]
[EventDate "2018.05.30"]
[EventType "swiss"]
[EventRounds "9"]
[EventCountry "VIE"]
[SourceTitle "CBM 184 Extra"]
[Source "ChessBase"]
[SourceDate "2018.06.28"]
[SourceVersion "1"]
[SourceVersionDate "2018.06.28"]
[SourceQuality "1"]

1. d4 d5 2. c4 c6 3. Nf3 Nf6 4. Qc2 g6 5. cxd5 cxd5 6. Nc3 Nc6 7. Bf4 Bg7 8. e3 0-0 9. Be2 Bf5 10. Qb3 Na5 11. Qa4 a6 12. 0-0 b5 13. Qd1 Rc8 14. Rc1 Qb6 15. b3 Nb7 16. b4 Nd6 17. Be5 Nde4 18. Qb3 Rxc3 19. Rxc3 Nxc3 20. Qxc3 Rc8 21. Qa3 Qc6 22. Qa5 Ne4 23. Bxg7 Kxg7 24. Ne5 Qd6 25. g4 Nc3 26. Re1 Be4 27. Bf1 Qf6 28. Bg2 Bxg2 29. Kxg2 Ne4 30. Re2 h5 31. f3 Nc3 32. Rc2 hxg4 33. Nxg4 Qf5 34. Rc1 Qd3 35. Qxa6 Qd2+ 36. Nf2 Rc4 37. Rf1 Qxe3 38. Ng4 Qxd4 39. Qb7 Qd2+ 40. Rf2 Qg5 41. h3 d4 42. Kg3 Rxb4 43. f4 Qc5 44. Ne5 Rb1 45. Rd2 Re1 46. Kh2 d3 47. Nf3 Re2+ 48. Rxe2 dxe2 49. Kg2 Qe3 50. Qd7 Qxf3+ 51. Kxf3 e1Q 52. Qd4+ f6 53. Kg2 Qe4+ 0-1

[Event "Hanoi HD Bank op-B 8th"]
[Site "Hanoi"]
[Date "2018.03.11"]
[Round "3"]
[White "Vu, My Linh"]
[Black "Ngo, Thi Kim Tuyen"]
[Result "0-1"]
[WhiteElo "1316"]
[BlackElo "1995"]
[PlyCount "100"]
[EventDate "2018.03.10"]
[EventType "swiss"]
[EventRounds "9"]
[EventCountry "VIE"]
[SourceTitle "CBM 183 Extra"]
[Source "ChessBase"]
[SourceDate "2018.04.19"]
[SourceVersion "1"]
[SourceVersionDate "2018.04.19"]
[SourceQuality "1"]

1. d4 d5 2. Nf3 Nf6 3. c4 c6 4. Nc3 dxc4 5. e3 Bg4 6. Bxc4 e6 7. Qb3 b5 8. Be2 Nbd7 9. 0-0 Be7 10. h3 Bh5 11. e4 b4 12. e5 bxc3 13. exf6 Nxf6 14. Qxc3 Qb6 15. Bc4 Nd5 16. Qd3 Bg6 17. Qe2 Bh5 18. Rd1 0-0 19. Bxd5 cxd5 20. b3 Rac8 21. g4 Bg6 22. Ne5 Rc2 23. Rd2 Rxd2 24. Qxd2 Bb4 25. Qe3 Rc8 26. Bb2 Rc2 27. Rc1 Qc7 28. Nxg6 hxg6 29. Rxc2 Qxc2 30. Qc1 Qe2 31. Bc3 Bd6 32. Bd2 Qd3 33. Qc8+ Kh7 34. Be3 Qb1+ 35. Kg2 Qe4+ 36. Kg1 e5 37. Qd8 exd4 38. Bxd4 Qxd4 39. Qxd6 Qe4 40. Qg3 f6 41. a4 d4 42. Qg2 Qb1+ 43. Kh2 d3 44. Qd5 Qc2 45. g5 Qxf2+ 46. Kh1 d2 47. gxf6 Qf1+ 48. Kh2 d1Q 49. Qg5 Qf2+ 50. Qg2 Qdg1# 0-1

[Event "VIE-ch (Women)"]
[Site "Bac Giang"]
[Date "2017.11.23"]
[Round "1"]
[White "Ngo, Thi Kim Tuyen"]
[Black "Vo, Thi Kim Phung"]
[Result "0-1"]
[WhiteElo "1995"]
[BlackElo "2355"]
[PlyCount "90"]
[EventDate "2017.11.23"]
[EventType "swiss"]
[EventRounds "9"]
[EventCountry "VIE"]
[SourceTitle "CBM 181 Extra"]
[Source "ChessBase"]
[SourceDate "2017.12.12"]
[SourceVersion "1"]
[SourceVersionDate "2017.12.12"]
[SourceQuality "1"]

1. d4 Nf6 2. Nf3 e6 3. c4 d5 4. g3 dxc4 5. Qa4+ Nbd7 6. Qxc4 a6 7. Bg2 b5 8. Qc6 Ra7 9. 0-0 Bb7 10. Qc3 c5 11. dxc5 Bxc5 12. b4 Bb6 13. a4 bxa4 14. Rxa4 0-0 15. Bb2 Qa8 16. Nbd2 Rc8 17. Qd3 Bc6 18. Ra3 Bb5 19. Qb1 Qb8 20. Nd4 Bxd4 21. Bxd4 Rac7 22. Ne4 Rc4 23. Nxf6+ gxf6 24. Rd1 Qc7 25. Be3 Ne5 26. Be4 Rxe4 27. Qxe4 Bxe2 28. Bb6 Qc1 29. Qxe2 Qxa3 30. Bc5 Qf3 31. Qc2 Qc6 32. h3 Nf3+ 33. Kf1 Ng5 34. h4 Ne4 35. Rc1 a5 36. Qe2 axb4 37. Qg4+ Kh8 38. Be3 Nc3 39. Kg1 Rg8 40. Qh5 Rg6 41. Kh2 Qd5 42. Qxd5 Nxd5 43. Rc8+ Rg8 44. Rxg8+ Kxg8 45. Bc1 b3 0-1

[Event "VIE-ch (Women)"]
[Site "Bac Giang"]
[Date "2016.06.24"]
[Round "5"]
[White "Nguyen, Thi Minh Thu"]
[Black "Ngo, Thi Kim Tuyen"]
[Result "1/2-1/2"]
[WhiteElo "1779"]
[BlackElo "1998"]
[PlyCount "36"]
[EventDate "2016.06.22"]
[EventType "swiss"]
[EventRounds "9"]
[EventCountry "VIE"]
[SourceTitle "EXT 2017"]
[Source "ChessBase"]
[SourceDate "2016.10.25"]
[SourceVersion "1"]
[SourceVersionDate "2016.10.25"]
[SourceQuality "1"]

1. d4 d5 2. c4 c6 3. Nc3 Nf6 4. Bg5 e6 5. e3 Nbd7 6. Nf3 Qa5 7. Bxf6 Nxf6 8. Nd2 Bb4 9. Qc2 0-0 10. Bd3 dxc4 11. Nxc4 Qh5 12. a3 Bxc3+ 13. bxc3 c5 14. Ne5 b6 15. Be2 Qg5 16. h4 Qf5 17. Bd3 Qh5 18. Be2 Qf5 1/2-1/2

[Event "Ho Chi Minh City HD Bank op-B 6th"]
[Site "Ho Chi Minh City"]
[Date "2016.03.12"]
[Round "8"]
[White "Bach, Ngoc Thuy Duong"]
[Black "Ngo, Thi Kim Tuyen"]
[Result "0-1"]
[WhiteElo "1763"]
[BlackElo "2028"]
[PlyCount "62"]
[EventDate "2016.03.08"]
[EventType "swiss"]
[EventRounds "9"]
[EventCountry "VIE"]
[SourceTitle "CBM 171 Extra"]
[Source "ChessBase"]
[SourceDate "2016.04.26"]
[SourceVersion "1"]
[SourceVersionDate "2016.04.26"]
[SourceQuality "1"]

1. d4 d5 2. c4 c6 3. Nf3 Nf6 4. Nc3 dxc4 5. a4 Bg4 6. e3 e6 7. Bxc4 Bb4 8. 0-0 0-0 9. Qe2 Nbd7 10. Rd1 Qa5 11. e4 e5 12. d5 Bxc3 13. bxc3 Nc5 14. Ba3 Nfxe4 15. Bxc5 Nxc5 16. Qxe5 Rae8 17. Qd6 Re4 18. Bf1 Rd8 19. Qg3 cxd5 20. h3 Bh5 21. Qg5 Bxf3 22. gxf3 Re6 23. Kh1 Rg6 24. Qe5 Nxa4 25. Rd4 Qxc3 26. Ra2 Qc1 27. Rg4 Qxf1+ 28. Kh2 Rxg4 29. fxg4 Qc4 30. Re2 Qc6 31. Qe7 Rf8 0-1

[Event "VIE-chT (Women)"]
[Site "Ho Chi Minh City"]
[Date "2015.07.19"]
[Round "4.2"]
[White "Nguyen, Thi Minh Oanh"]
[Black "Ngo, Thi Kim Tuyen"]
[Result "1/2-1/2"]
[WhiteElo "1772"]
[BlackElo "2028"]
[PlyCount "60"]
[EventDate "2015.07.16"]
[EventType "team-swiss"]
[EventRounds "9"]
[EventCountry "VIE"]
[SourceTitle "EXT 2016"]
[Source "ChessBase"]
[SourceDate "2015.10.08"]
[SourceVersion "1"]
[SourceVersionDate "2015.10.08"]
[SourceQuality "1"]

1. d4 d5 2. Bg5 Nf6 3. Bxf6 exf6 4. Nf3 Bd6 5. e3 0-0 6. c4 c6 7. Nc3 Bc7 8. cxd5 cxd5 9. Bd3 Nc6 10. a3 f5 11. 0-0 f4 12. e4 dxe4 13. Bxe4 Bg4 14. b4 f5 15. Bd5+ Kh8 16. b5 Ba5 17. bxc6 Bxc3 18. cxb7 Rb8 19. Rc1 Qxd5 20. Rxc3 Rxb7 21. Qd2 Re7 22. Qxf4 Re4 23. Qc7 Bxf3 24. Rxf3 Rg4 25. Qe7 Rc8 26. Qe3 h6 27. h3 Re4 28. Qd3 f4 29. Qa6 Rc7 30. Rb1 Kh7 1/2-1/2

[Event "VIE-chT (Women)"]
[Site "Ho Chi Minh City"]
[Date "2015.07.16"]
[Round "1.11"]
[White "Nguyen, Hai Phuong Anh"]
[Black "Ngo, Thi Kim Tuyen"]
[Result "0-1"]
[WhiteElo "1423"]
[BlackElo "2028"]
[PlyCount "60"]
[EventDate "2015.07.16"]
[EventType "team-swiss"]
[EventRounds "9"]
[EventCountry "VIE"]
[SourceTitle "EXT 2016"]
[Source "ChessBase"]
[SourceDate "2015.10.08"]
[SourceVersion "1"]
[SourceVersionDate "2015.10.08"]
[SourceQuality "1"]

1. e4 c5 2. Nf3 d6 3. d4 cxd4 4. Nxd4 Nf6 5. Nc3 a6 6. Be2 e6 7. 0-0 Qc7 8. f4 b5 9. a3 Nbd7 10. Kh1 Bb7 11. Bf3 Be7 12. Qe1 0-0 13. Qg3 Kh8 14. e5 Ne8 15. exd6 Bxd6 16. Ne4 Ndf6 17. Nxd6 Nxd6 18. Bxb7 Qxb7 19. c3 Rfd8 20. Be3 Nc4 21. Rab1 Rd5 22. Rfe1 Rh5 23. Nb3 Nxe3 24. Rxe3 Qd5 25. Nd4 Rd8 26. Rd1 Rh6 27. Red3 Qh5 28. Nxe6 Qxd1+ 29. Rxd1 Rxd1+ 30. Qe1 Rxe1# 0-1

[Event "Ho Chi Minh City zt 3.3 (Women)"]
[Site "Ho Chi Minh City"]
[Date "2015.03.12"]
[Round "6"]
[White "Tran, Le Dan Thuy"]
[Black "Ngo, Thi Kim Tuyen"]
[Result "1/2-1/2"]
[WhiteElo "2076"]
[BlackElo "2027"]
[PlyCount "97"]
[EventDate "2015.03.07"]
[EventType "swiss"]
[EventRounds "9"]
[EventCountry "VIE"]
[SourceTitle "CBM 165 Extra"]
[Source "ChessBase"]
[SourceDate "2015.04.21"]
[SourceVersion "1"]
[SourceVersionDate "2015.04.21"]
[SourceQuality "1"]

1. e4 c5 2. Nf3 d6 3. d4 cxd4 4. Nxd4 Nf6 5. Nc3 a6 6. Be2 e6 7. Be3 Be7 8. f4 b5 9. Bf3 Nfd7 10. e5 d5 11. 0-0 Bb7 12. f5 Nxe5 13. fxe6 0-0 14. exf7+ Rxf7 15. Ne6 Nxf3+ 16. Rxf3 Qc8 17. Rxf7 Kxf7 18. Nf4 Qf5 19. Ncxd5 Nc6 20. Qh5+ Qxh5 21. Nxh5 Bd6 22. Rd1 Be5 23. b3 g5 24. g4 Kg6 25. Nb6 Rd8 26. Rd7 Rxd7 27. Nxd7 Bd6 28. Ndf6 Nb4 29. c4 bxc4 30. bxc4 Nxa2 31. c5 Be7 32. Nd7 Nb4 33. Ne5+ Kh6 34. Nf7+ Kg6 35. Nh8+ Kh6 36. Bd4 Bf8 37. Nf7+ Kg6 38. Ne5+ Kh6 39. Nd7 Nc6 40. Bc3 Be7 41. Ng7 Kg6 42. Nf5 Kf7 43. Nxe7 Nxe7 44. Ne5+ Ke6 45. Kf2 Nd5 46. Bd4 a5 47. Nf3 h6 48. h4 gxh4 49. Nxh4 1/2-1/2

[Event "Ho Chi Minh City zt 3.3 (Women)"]
[Site "Ho Chi Minh City"]
[Date "2015.03.09"]
[Round "3"]
[White "Ngo, Thi Kim Tuyen"]
[Black "Ton, Nu Hong An"]
[Result "1-0"]
[WhiteElo "2027"]
[BlackElo "2006"]
[PlyCount "131"]
[EventDate "2015.03.07"]
[EventType "swiss"]
[EventRounds "9"]
[EventCountry "VIE"]
[SourceTitle "CBM 165 Extra"]
[Source "ChessBase"]
[SourceDate "2015.04.21"]
[SourceVersion "1"]
[SourceVersionDate "2015.04.21"]
[SourceQuality "1"]

1. d4 Nf6 2. c4 e6 3. Nf3 b6 4. g3 Ba6 5. Qc2 Be7 6. Bg2 0-0 7. Ne5 c6 8. 0-0 d5 9. Rd1 Nfd7 10. cxd5 cxd5 11. e4 Nxe5 12. dxe5 d4 13. Qa4 Qc7 14. Bf4 b5 15. Qb3 g5 16. Rc1 Qb6 17. Bd2 Nd7 18. f4 Nc5 19. Qf3 Bb7 20. Re1 f5 21. exf6 Rxf6 22. b4 Nd7 23. Kh1 Ne5 24. Qh5 Nd3 25. Qxg5+ Kh8 26. Re2 Rg8 27. Qh5 Bxb4 28. Bxb4 Nxb4 29. Rb2 Qc7 30. Nd2 Nd3 31. Rxb5 Ba6 32. Rg5 Rxg5 33. fxg5 Rf2 34. Rf1 Rxf1+ 35. Nxf1 Qe7 36. g6 Bb7 37. Nd2 e5 38. gxh7 Qf8 39. Bf3 Bc6 40. h4 Be8 41. Qg5 Kxh7 42. Qd8 Qf7 43. Qd5 Qf6 44. Qb7+ Kh6 45. Qxa7 Ne1 46. Qa3 d3 47. Qc1 Nc2 48. Qf1 Bb5 49. Bg2 Qg7 50. Qf2 Nd4 51. Kh2 Ne2 52. Nf3 Kh5 53. Bh3 Qf6 54. Bf5 Kh6 55. g4 Qd6 56. g5+ Kg7 57. Qa7+ Kf8 58. g6 Be8 59. Qh7 Qf6 60. h5 Nd4 61. Qh6+ Ke7 62. Nxd4 Qh4+ 63. Kg2 exd4 64. Qg7+ Bf7 65. Qxf7+ Kd6 66. Qd5+ 1-0